000
00288nam a2200109Ia 4500
001
1275931
005
20260417160437.0
008
260417s9999 xx 000 0 und d
020
_a
9786258486902
245
0
_a
Heysem ve Baş Aşağı Oturan Kral
_c
Didem Demirel
260
_b
Ketebe Çocuk
999
_c
1275931
_d
1275931